000
00332nam a2200133Ia 4500
008
210312s9999||||xx |||||||||||||| ||und||
041
_a
osm
050
_a
PG5027.5
050
_b
T34.A44
100
_a
Tchapek, Karel
245
0
_a
Alemşumul sun'i adamlar fabrikası
260
_c
1927
650
_a
Edebiyat--Çek edebiyatı--Tiyatro
999
_c
22343
_d
22343